GMT +7 Countries - Statistics

General Stats
  • This quiz has been taken 15 times
  • The average score is 6 of 7
Answer Stats
Country % Correct
Russia
100%
Vietnam
86%
Cambodia
79%
Indonesia
79%
Laos
79%
Mongolia
79%
Thailand
79%
No matching quizzes found
Score Distribution
Percent of People with Each Score
Percentile by Number Answered
Your Score History
You have not taken this quiz